Atlas stellarum variabilium (Record no. 6304)
[ view plain ]
| 000 -LEADER | |
|---|---|
| fixed length control field | 00588nam a2200169Ia 4500 |
| 003 - CONTROL NUMBER IDENTIFIER | |
| control field | IN-BaIIA |
| 008 - FIXED-LENGTH DATA ELEMENTS--GENERAL INFORMATION | |
| fixed length control field | 211028s9999 xx 000 0 eng d |
| 040 ## - CATALOGING SOURCE | |
| Transcribing agency | IIA Library |
| 080 ## - UNIVERSAL DECIMAL CLASSIFICATION NUMBER | |
| Universal Decimal Classification number | 084.4:52 |
| Item number | HAG |
| 100 ## - MAIN ENTRY--PERSONAL NAME | |
| Personal name | Hagen, I. G. |
| 9 (RLIN) | 10822 |
| 245 #0 - TITLE STATEMENT | |
| Title | Atlas stellarum variabilium |
| Remainder of title | complectens stellas variabiles intre limites declinationis + 25 et + 90 |
| Statement of responsibility, etc. | I. G. Hagen and C. W. Bruce |
| 260 ## - PUBLICATION, DISTRIBUTION, ETC. | |
| Place of publication, distribution, etc. | Berlin |
| Name of publisher, distributor, etc. | Felix L. Dames |
| Date of publication, distribution, etc. | 1900 |
| 300 ## - PHYSICAL DESCRIPTION | |
| Extent | [various pagings.] |
| 650 ## - SUBJECT ADDED ENTRY--TOPICAL TERM | |
| Topical term or geographic name entry element | Variable stars |
| 9 (RLIN) | 1140 |
| 700 ## - ADDED ENTRY--PERSONAL NAME | |
| Personal name | Bruce, C. W. |
| 9 (RLIN) | 10823 |
| 942 ## - ADDED ENTRY ELEMENTS (KOHA) | |
| Koha item type | Books |
| Withdrawn status | Lost status | Damaged status | Not for loan | Home library | Current library | Shelving location | Date acquired | Total Checkouts | Full call number | Barcode | Date last seen | Price effective from | Koha item type |
|---|---|---|---|---|---|---|---|---|---|---|---|---|---|
| IIA Library-Bangalore | IIA Library-Bangalore | General Stacks | 18/09/1979 | 084.4:52/ HAG | 7025 | 05/11/2021 | 18/09/1979 | Books |